[Event "Sao Paulo zt 2.4"]
[Site "Sao Paulo"]
[Date "2000.06.06"]
[Round "2"]
[White "Chemin, Vitorio"]
[Black "Sunye Neto, Jaime"]
[Result "0-1"]
[WhiteElo "2313"]
[BlackElo "2555"]
[EventDate "2000.06.05"]
[PlyCount "78"]

1.d4 Nf6 2.Nf3 g6 3.Bf4 Bg7 4.e3 O-O 5.Be2 d6 6.O-O Nh5 7.Bg5 h6 8.Bh4 g5 
9.Nfd2 gxh4 10.Bxh5 e5 11.c3 Nd7 12.f4 exd4 13.cxd4 c5 14.Nb3 cxd4 15.Nxd4
Nf6 16.Nc3 Re8 17.Re1 Qb6 18.Bf3 a6 19.a3 Bd7 20.Re2 Re7 21.Qe1 Rae8 22.
Rd1 Kh8 23.Kh1 Bc8 24.e4 Qc5 25.Qxh4 Ng8 26.Red2 Nf6 27.g4 Nxe4 28.Nxe4 
Rxe4 29.Bxe4 Rxe4 30.Nf3 Rxf4 31.Qg3 Rxg4 32.Qxd6 Qxd6 33.Rxd6 Bf5 34.Rg1 
Rf4 35.Kg2 Be4 36.Rf1 Bxb2 37.a4 Kg7 38.Rd2 Bc3 39.Rdf2 Bc6 0-1

[Event "Sao Paulo zt 2.4"]
[Site "Sao Paulo"]
[Date "2000.06.06"]
[Round "2"]
[White "Lima, Darcy"]
[Black "Pelikian, Jefferson"]
[Result "1-0"]
[WhiteElo "2514"]
[BlackElo "2393"]
[EventDate "2000.06.05"]
[PlyCount "69"]

1.c4 c5 2.Nc3 Nc6 3.g3 g6 4.Bg2 Bg7 5.e4 d6 6.Nge2 h5 7.h3 a6 8.d3 Rb8 9.
a4 Bd7 10.Be3 Nd4 11.f4 Nh6 12.Bf2 e5 13.Nxd4 cxd4 14.Nd5 Be6 15.a5 Bxd5 
16.cxd5 O-O 17.O-O b6 18.Be1 Qe7 19.axb6 Rxb6 20.b4 h4 21.gxh4 exf4 22.
Rxf4 Be5 23.Rf1 f5 24.Ra2 Kg7 25.Qc1 f4 26.Bf3 Nf7 27.Rg2 Rh8 28.Bg4 Rxh4 
29.Bxh4 Qxh4 30.Qc7 Rxb4 31.Bf5 Qf6 32.Rxg6+ Qxg6+ 33.Bxg6 Kxg6 34.Kh1 Ng5
35.h4 1-0

[Event "Sao Paulo zt 2.4"]
[Site "Sao Paulo"]
[Date "2000.06.06"]
[Round "2"]
[White "Limp, Eduardo Thelio"]
[Black "Vescovi, Giovanni P"]
[Result "0-1"]
[WhiteElo "2420"]
[BlackElo "2511"]
[EventDate "2000.06.05"]
[PlyCount "84"]

1.d4 Nf6 2.Nf3 e6 3.c3 b6 4.Bg5 Ba6 5.Nbd2 Be7 6.e3 Bxf1 7.Nxf1 O-O 8.N1d2
d5 9.O-O c5 10.Ne5 Nfd7 11.Bxe7 Qxe7 12.Ndf3 Nxe5 13.Nxe5 Nd7 14.Nxd7 Qxd7
15.Qe2 cxd4 16.cxd4 Rfc8 17.Rfc1 Rc6 18.g3 Rac8 19.Rxc6 Qxc6 20.Rd1 b5 21.
b4 h6 22.h4 a6 23.Kg2 Qc2 24.Rd2 Qe4+ 25.Qf3 Qb1 26.a3 Qb3 27.Qe2 Qxa3 28.
Ra2 Qxb4 29.Rxa6 Rb8 30.Ra7 Qb1 31.Qf3 Qe4 32.Qxe4 dxe4 33.Kf1 b4 34.Ke1 
b3 35.Ra1 Kh7 36.Rb1 Kg6 37.f3 exf3 38.Kf2 e5 39.Kxf3 exd4 40.exd4 Kf5 41.
g4+ Ke6 42.Ke4 b2 0-1

[Event "Sao Paulo zt 2.4"]
[Site "Sao Paulo"]
[Date "2000.06.07"]
[Round "3"]
[White "Gauche, Charles"]
[Black "Limp, Eduardo Thelio"]
[Result "0-1"]
[WhiteElo "2310"]
[BlackElo "2420"]
[EventDate "2000.06.05"]
[PlyCount "74"]

1.e4 c5 2.Nf3 d6 3.d4 cxd4 4.Nxd4 Nf6 5.Nc3 Nc6 6.Be2 e5 7.Nb3 Be7 8.O-O 
O-O 9.Be3 a5 10.a4 Nb4 11.f4 Bd7 12.Bf3 Qc7 13.Rf2 Bc6 14.Rd2 Rfd8 15.Nd5 
Nbxd5 16.exd5 Be8 17.Qf1 Nd7 18.Nc1 exf4 19.Bd4 Bf6 20.Bxf6 Nxf6 21.Nd3 
Qb6+ 22.Kh1 Bd7 23.b3 g5 24.Re1 Re8 25.Rxe8+ Rxe8 26.Qa1 Kg7 27.h4 h6 28.
Nf2 Bf5 29.Bg4 Bg6 30.Nh3 Re5 31.Nf2 Qb4 32.Re2 Re3 33.Bf3 Qc3 34.Qxc3 
Rxc3 35.hxg5 hxg5 36.Ne4 Nxe4 37.Bxe4 Re3 0-1

[Event "Sao Paulo zt 2.4"]
[Site "Sao Paulo"]
[Date "2000.06.07"]
[Round "3"]
[White "Milos, Gilberto"]
[Black "Ramos, Ernesto"]
[Result "1-0"]
[WhiteElo "2620"]
[BlackElo "2280"]
[EventDate "2000.06.05"]
[PlyCount "49"]

1.e4 e5 2.Nf3 Nc6 3.Bb5 a6 4.Ba4 Nf6 5.O-O Be7 6.Re1 b5 7.Bb3 O-O 8.a4 b4 
9.d3 d6 10.a5 Bg4 11.Be3 Nd4 12.Bxd4 exd4 13.Nbd2 Nd7 14.h3 Bxf3 15.Nxf3 
c5 16.Nd2 Bg5 17.Nc4 Ne5 18.Nb6 Ra7 19.Rf1 Nc6 20.Ba4 Nxa5 21.Nd7 Re8 22.
f4 Bh6 23.Nf6+ Qxf6 24.Bxe8 Nb7 25.Qg4 1-0

[Event "Sao Paulo zt 2.4"]
[Site "Sao Paulo"]
[Date "2000.06.07"]
[Round "3"]
[White "Oblitas Guerrero, Carlomagno"]
[Black "Chemin, Vitorio"]
[Result "1/2-1/2"]
[WhiteElo "2389"]
[BlackElo "2313"]
[EventDate "2000.06.05"]
[PlyCount "107"]

1.e4 c5 2.Nf3 Nc6 3.d4 cxd4 4.Nxd4 Nf6 5.Nc3 d6 6.f3 e5 7.Nb3 Be7 8.Be3 
Be6 9.Qd2 d5 10.exd5 Nxd5 11.Nxd5 Qxd5 12.Qxd5 Bxd5 13.O-O-O O-O-O 14.Bb5 
a6 15.Be2 Kc7 16.Kb1 g5 17.Nd2 Nd4 18.Bc4 b5 19.Bxd5 Rxd5 20.Ne4 Rd7 21.
Nxg5 Rg8 22.Nxf7 Bf6 23.Nh6 Rxg2 24.Ng4 Bg7 25.Rd2 Rxd2 26.Bxd2 Nxf3 27.
Bc3 e4 28.Bxg7 Rxg7 29.Nf6 Rg2 30.Nxe4 Nxh2 31.Nf6 h6 32.a4 bxa4 33.Rd1 
Rf2 34.Ne8+ Kb7 35.Rd7+ Kb8 36.Rd6 h5 37.Rh6 Nf3 38.Rxh5 Nd2+ 39.Ka2 Nc4 
40.Kb1 Rf1+ 41.Ka2 Rf2 42.Kb1 a3 43.bxa3 Nxa3+ 44.Kb2 Nxc2 45.Nd6 Ne3+ 46.
Kb3 Kc7 47.Ne4 Rf8 48.Rh7+ Kc6 49.Rh6+ Kd5 50.Nc3+ Kd4 51.Rd6+ Kc5 52.Rxa6
Rb8+ 53.Ka2 Nc2 54.Na4+ 1/2-1/2

[Event "Sao Paulo zt 2.4"]
[Site "Sao Paulo"]
[Date "2000.06.07"]
[Round "3"]
[White "Pelikian, Jefferson"]
[Black "Leitao, Rafael Duailibe"]
[Result "0-1"]
[WhiteElo "2393"]
[BlackElo "2565"]
[EventDate "2000.06.05"]
[PlyCount "70"]

1.d4 Nf6 2.Nf3 e6 3.e3 b6 4.Nbd2 Bb7 5.Bd3 c5 6.c3 d5 7.Qe2 Nc6 8.O-O Be7 
9.dxc5 bxc5 10.e4 O-O 11.Re1 Re8 12.e5 Nd7 13.Nf1 f5 14.exf6 Bxf6 15.Ne3 
Nde5 16.Nxe5 Nxe5 17.Bb5 Re7 18.f4 Ng6 19.Ng4 Qd6 20.Bd3 Nxf4 21.Nxf6+ 
gxf6 22.Qg4+ Ng6 23.Bxg6 hxg6 24.Rf1 e5 25.Qxg6+ Rg7 26.Qxf6 d4 27.Rf2 
Qxf6 28.Rxf6 Rxg2+ 29.Kf1 Rxh2 30.b4 cxb4 31.cxd4 exd4 32.Rg6+ Kh7 33.Rd6 
Rf8+ 34.Ke1 Rg8 35.Kf1 Bc8 0-1

[Event "Sao Paulo zt 2.4"]
[Site "Sao Paulo"]
[Date "2000.06.07"]
[Round "3"]
[White "Sunye Neto, Jaime"]
[Black "Lima, Darcy"]
[Result "1-0"]
[WhiteElo "2555"]
[BlackElo "2514"]
[EventDate "2000.06.05"]
[PlyCount "89"]

1.c4 Nf6 2.Nc3 e6 3.Nf3 d5 4.d4 Nbd7 5.Bg5 Bb4 6.cxd5 exd5 7.e3 c5 8.Bd3 
Qa5 9.Qc2 c4 10.Bf5 O-O 11.O-O g6 12.Bxd7 Nxd7 13.e4 Nb6 14.e5 Bg4 15.Nh4 
Nd7 16.h3 Be6 17.a3 Bxc3 18.bxc3 Kg7 19.Qd2 f5 20.Bh6+ Kg8 21.Bxf8 Nxf8 
22.Rfb1 Qc7 23.Qh6 Bd7 24.a4 a5 25.Nf3 Bc6 26.h4 Ne6 27.Ng5 Qg7 28.Qxg7+ 
Nxg7 29.g3 h6 30.Nh3 Kf7 31.Rb6 Ne6 32.Rab1 Ra7 33.f3 Nf8 34.Nf4 g5 35.
hxg5 hxg5 36.Nh3 Ne6 37.f4 g4 38.Nf2 Nf8 39.Nd1 Nd7 40.R6b2 Bxa4 41.Rxb7 
Ra6 42.Ne3 Ke6 43.Kf2 Bc6 44.Rc7 a4 45.Rh1 1-0

[Event "Sao Paulo zt 2.4"]
[Site "Sao Paulo"]
[Date "2000.06.08"]
[Round "4"]
[White "Lima, Darcy"]
[Black "Oblitas Guerrero, Carlomagno"]
[Result "1-0"]
[WhiteElo "2514"]
[BlackElo "2389"]
[EventDate "2000.06.05"]
[PlyCount "113"]

1.e4 c5 2.Nf3 d6 3.d4 cxd4 4.Nxd4 Nf6 5.Nc3 g6 6.Be2 Bg7 7.O-O Nc6 8.Nb3 
O-O 9.Bg5 a5 10.a4 Be6 11.Kh1 Rc8 12.f4 Re8 13.f5 Bxb3 14.cxb3 Ne5 15.Bb5 
Rf8 16.Qe2 Rc5 17.Bh4 Qc8 18.Bf2 Rxc3 19.bxc3 Qxc3 20.Rab1 Qb4 21.Be1 Qxe4
22.Qxe4 Nxe4 23.Bxa5 Ng4 24.fxg6 hxg6 25.g3 Be5 26.Rbe1 f5 27.Be2 Ne3 28.
Rf3 Nc2 29.Bc4+ Kg7 30.Rd1 Ne3 31.Rc1 Ng4 32.Kg2 Rc8 33.h3 Ngf6 34.Rc2 Ng5
35.Rf1 Nge4 36.Be1 Nc5 37.a5 Nce4 38.Bd3 Rxc2+ 39.Bxc2 Nd5 40.Rf3 Bd4 41.
b4 Ne3+ 42.Rxe3 Bxe3 43.Kf3 Bd2 44.Bxd2 Nxd2+ 45.Ke2 Nc4 46.Bb3 Na3 47.Bd5
Nc2 48.Bxb7 Nxb4 49.Kd2 d5 50.Kc3 Na2+ 51.Kb3 Nc1+ 52.Ka4 Nd3 53.Kb5 e5 
54.Bxd5 e4 55.a6 e3 56.Bf3 Ne5 57.Be2 1-0

[Event "Sao Paulo zt 2.4"]
[Site "Sao Paulo"]
[Date "2000.06.08"]
[Round "4"]
[White "Limp, Eduardo Thelio"]
[Black "Milos, Gilberto"]
[Result "1-0"]
[WhiteElo "2420"]
[BlackElo "2620"]
[EventDate "2000.06.05"]
[PlyCount "53"]

1.d4 Nf6 2.Nf3 g6 3.c3 Bg7 4.Qc2 d5 5.Bf4 O-O 6.Nbd2 c5 7.e3 cxd4 8.exd4 
Nc6 9.h3 Re8 10.Bh2 Bh6 11.Bd3 Nh5 12.O-O-O Bd7 13.Kb1 Rc8 14.a3 a6 15.Nb3
Ng7 16.g4 Ne6 17.h4 a5 18.h5 a4 19.hxg6 axb3 20.gxf7+ Kxf7 21.Qxb3 Qa5 22.
Bb5 Kg8 23.Qxd5 Nb8 24.c4 Qb6 25.Bxb8 Bxb5 26.Rxh6 Bxc4 27.Qf5 1-0

[Event "Sao Paulo zt 2.4"]
[Site "Sao Paulo"]
[Date "2000.06.08"]
[Round "4"]
[White "Ramos, Ernesto"]
[Black "Pelikian, Jefferson"]
[Result "1-0"]
[WhiteElo "2280"]
[BlackElo "2393"]
[EventDate "2000.06.05"]
[PlyCount "95"]

1.d4 Nf6 2.c4 e6 3.Nf3 d5 4.Nc3 Be7 5.g3 O-O 6.Bg2 c6 7.O-O Nbd7 8.cxd5 
cxd5 9.Bf4 a6 10.a3 b5 11.Rc1 Bb7 12.Nd2 Qb6 13.e3 Rac8 14.g4 a5 15.g5 Ne8
16.Qb3 Ba6 17.Rfe1 Nd6 18.Bf1 Nc4 19.Nxc4 dxc4 20.Qc2 Qd8 21.h4 Nb6 22.Bg2
b4 23.axb4 axb4 24.Ra1 bxc3 25.Rxa6 cxb2 26.Qxb2 Nd5 27.Bxd5 Qxd5 28.Ra7 
Rfe8 29.Qb7 c3 30.Qxd5 exd5 31.Rc1 Bb4 32.Rc2 Ra8 33.Rb7 Ra1+ 34.Kg2 Ra4 
35.Rd7 h5 36.gxh6 Rea8 37.Rb7 gxh6 38.Kf3 Kg7 39.e4 dxe4+ 40.Kxe4 h5 41.f3
Re8+ 42.Kf5 Re7 43.Be5+ Kf8 44.Rb8+ Re8 45.Bg7+ Kxg7 46.Rxe8 Bd6 47.Rg2+ 
Kh7 48.Kf6 1-0

[Event "Sao Paulo zt 2.4"]
[Site "Sao Paulo"]
[Date "2000.06.08"]
[Round "4"]
[White "Vescovi, Giovanni P"]
[Black "Gauche, Charles"]
[Result "1-0"]
[WhiteElo "2511"]
[BlackElo "2310"]
[EventDate "2000.06.05"]
[PlyCount "49"]

1.e4 c5 2.Nf3 d6 3.d4 cxd4 4.Nxd4 Nf6 5.Nc3 a6 6.Be3 e6 7.f3 b5 8.Qd2 Bb7 
9.g4 Nc6 10.O-O-O Ne5 11.Bd3 Rc8 12.Rhe1 Nxd3+ 13.Qxd3 Nd7 14.Kb1 Be7 15.
Bc1 Nc5 16.Qe3 Qb6 17.Nd5 exd5 18.exd5 Qd8 19.Nf5 Rc7 20.Qd4 f6 21.Nxg7+ 
Kd7 22.Bf4 Kc8 23.Nf5 Kb8 24.Rxe7 Rxe7 25.Bxd6+ 1-0

[Event "Sao Paulo zt 2.4"]
[Site "Sao Paulo"]
[Date "2000.06.09"]
[Round "5"]
[White "Chemin, Vitorio"]
[Black "Lima, Darcy"]
[Result "0-1"]
[WhiteElo "2313"]
[BlackElo "2514"]
[EventDate "2000.06.05"]
[PlyCount "58"]

1.d4 d6 2.Nf3 Bg4 3.c4 Nd7 4.h3 Bxf3 5.exf3 g6 6.Nc3 Bg7 7.Be2 e6 8.O-O 
Ne7 9.g4 O-O 10.Bg5 h6 11.Be3 d5 12.Qd2 Kh7 13.cxd5 exd5 14.Bd3 c5 15.Ne2 
Nc6 16.dxc5 d4 17.Bf4 Nxc5 18.Rac1 Qd5 19.Bb1 Rfe8 20.Kg2 Rad8 21.Bc7 Ne5 
22.Rxc5 Qxc5 23.Bxd8 Rxd8 24.Be4 d3 25.Nf4 Nc4 26.Nxd3 Nxd2 27.Nxc5 Nxf1 
28.Kxf1 Rd2 29.Bxb7 Rxb2 0-1

[Event "Sao Paulo zt 2.4"]
[Site "Sao Paulo"]
[Date "2000.06.09"]
[Round "5"]
[White "Milos, Gilberto"]
[Black "Vescovi, Giovanni P"]
[Result "1/2-1/2"]
[WhiteElo "2620"]
[BlackElo "2511"]
[EventDate "2000.06.05"]
[PlyCount "55"]

1.e4 c6 2.d4 d5 3.Nd2 dxe4 4.Nxe4 Nd7 5.Ng5 Ngf6 6.Bd3 e6 7.Qe2 Bd6 8.N1f3
h6 9.Ne4 Nxe4 10.Qxe4 Qc7 11.Qg4 Kf8 12.O-O c5 13.Qh4 b6 14.Be4 Rb8 15.b3 
c4 16.bxc4 Ba6 17.Nd2 Nf6 18.Bd3 Bf4 19.Nf3 Bxc1 20.Raxc1 Bxc4 21.Bxc4 
Qxc4 22.Ne5 Qc3 23.Qf4 Rc8 24.Rfd1 Kg8 25.h4 b5 26.d5 exd5 27.Rxd5 Nxd5 
28.Qxf7+ 1/2-1/2

[Event "Sao Paulo zt 2.4"]
[Site "Sao Paulo"]
[Date "2000.06.09"]
[Round "5"]
[White "Oblitas Guerrero, Carlomagno"]
[Black "Leitao, Rafael Duailibe"]
[Result "1-0"]
[WhiteElo "2389"]
[BlackElo "2565"]
[EventDate "2000.06.05"]
[PlyCount "121"]

1.e4 c5 2.Nc3 a6 3.g3 b5 4.Bg2 Bb7 5.Nge2 e6 6.O-O b4 7.Na4 Nf6 8.d4 Bxe4 
9.Bxe4 Nxe4 10.Be3 Be7 11.Nxc5 Nxc5 12.dxc5 O-O 13.a3 bxa3 14.Rxa3 Nc6 15.
Nf4 a5 16.Nd3 Bf6 17.Ra4 Qb8 18.b3 Qb5 19.Qf3 Ne7 20.h4 Qc6 21.Qxc6 Nxc6 
22.Rd1 Rfc8 23.Kg2 Kf8 24.Kf3 Ke8 25.Ke4 Rab8 26.Rc1 Rb5 27.Rb1 Rcb8 28.
Bf4 R8b7 29.Bg5 Ke7 30.Bxf6+ gxf6 31.Rc4 Rc7 32.Ra1 Nb4 33.Nxb4 axb4 34.
Ra4 Rcxc5 35.Rxc5 Rxc5 36.Kd3 Rd5+ 37.Ke3 Rb5 38.Kd4 f5 39.c4 bxc3 40.Kxc3
Rc5+ 41.Kd2 Rd5+ 42.Kc2 Re5 43.Kd2 Re4 44.Ra2 f4 45.Kd3 d5 46.Ra7+ Kf6 47.
g4 f3 48.g5+ Kg7 49.Ra2 Rxh4 50.Kc3 Re4 51.b4 Kg6 52.b5 Rc4+ 53.Kb3 Kxg5 
54.Rc2 Rd4 55.b6 Rd3+ 56.Rc3 Rd1 57.Kc2 Rf1 58.Rxf3 Kg4 59.Rb3 Rxf2+ 60.
Kb1 Rf1+ 61.Ka2 1-0

[Event "Sao Paulo zt 2.4"]
[Site "Sao Paulo"]
[Date "2000.06.09"]
[Round "5"]
[White "Pelikian, Jefferson"]
[Black "Limp, Eduardo Thelio"]
[Result "1/2-1/2"]
[WhiteElo "2393"]
[BlackElo "2420"]
[EventDate "2000.06.05"]
[PlyCount "77"]

1.e4 c6 2.d4 d5 3.exd5 cxd5 4.c4 Nf6 5.Nc3 Nc6 6.Nf3 Bg4 7.cxd5 Nxd5 8.Qb3
Bxf3 9.gxf3 e6 10.Qxb7 Nxd4 11.Bb5+ Nxb5 12.Qc6+ Ke7 13.Qxb5 Qd7 14.Nxd5+ 
Qxd5 15.Qxd5 exd5 16.Be3 Ke6 17.Ke2 Bd6 18.Rac1 Rhc8 19.h3 a6 20.Kd3 f6 
21.Rxc8 Rxc8 22.Rc1 Rxc1 23.Bxc1 h5 24.Bd2 g5 25.a4 Bc5 26.Ke2 Be7 27.f4 
g4 28.hxg4 hxg4 29.b4 d4 30.Kd3 Kd5 31.f5 Bd6 32.b5 axb5 33.axb5 Bc7 34.
Bc1 Ke5 35.Bb2 Bb6 36.Ba1 Ba7 37.Bb2 Bb6 38.Ba1 Ba7 39.Bb2 1/2-1/2

[Event "Sao Paulo zt 2.4"]
[Site "Sao Paulo"]
[Date "2000.06.09"]
[Round "5"]
[White "Sunye Neto, Jaime"]
[Black "Ramos, Ernesto"]
[Result "1/2-1/2"]
[WhiteElo "2555"]
[BlackElo "2280"]
[EventDate "2000.06.05"]
[PlyCount "74"]

1.c4 Nf6 2.Nc3 g6 3.e4 d6 4.g3 Bg7 5.Bg2 e5 6.Nge2 Nc6 7.d3 Be6 8.h3 a6 9.
O-O O-O 10.Be3 Qd7 11.Kh2 Nh5 12.Qd2 f5 13.exf5 gxf5 14.f4 Rae8 15.Rae1 
Kh8 16.b3 Rg8 17.Rg1 Nd4 18.fxe5 Nxe2 19.Nxe2 dxe5 20.Bh6 Bf6 21.Bf3 Ng7 
22.Rd1 Bf7 23.Bg5 Nh5 24.Bxf6+ Nxf6 25.Qe3 Bg6 26.Nc3 c6 27.Qf2 Qg7 28.Be2
Qh6 29.d4 Rgf8 30.Rgf1 Ng4+ 31.Bxg4 fxg4 32.Qg2 exd4 33.Rxf8+ Rxf8 34.Ne2 
gxh3 35.Qg1 c5 36.Nf4 Re8 37.Re1 Qf8 1/2-1/2

[Event "Sao Paulo zt 2.4"]
[Site "Sao Paulo"]
[Date "2000.06.10"]
[Round "6"]
[White "Gauche, Charles"]
[Black "Milos, Gilberto"]
[Result "0-1"]
[WhiteElo "2310"]
[BlackElo "2620"]
[EventDate "2000.06.05"]
[PlyCount "64"]

1.Nf3 Nf6 2.g3 d5 3.b3 g6 4.Bg2 Bg7 5.Bb2 c5 6.c4 d4 7.b4 O-O 8.O-O Nfd7 
9.d3 e5 10.Ba3 cxb4 11.Bxb4 Re8 12.Na3 Na6 13.Nc2 Ndc5 14.Ba3 e4 15.Nfe1 
Bg4 16.f3 exf3 17.exf3 Bd7 18.Nb4 Nxb4 19.Bxb4 Na4 20.Qd2 a5 21.Ba3 Nc3 
22.Rf2 Ra6 23.Bf1 Rae6 24.Ng2 Bc6 25.Bc1 Re3 26.f4 Qe7 27.Bb2 Ne2+ 28.Kh1 
Qe6 29.f5 gxf5 30.Qxa5 f4 31.gxf4 Qh3 32.Qd2 Qh4 0-1

[Event "Sao Paulo zt 2.4"]
[Site "Sao Paulo"]
[Date "2000.06.10"]
[Round "6"]
[White "Leitao, Rafael Duailibe"]
[Black "Chemin, Vitorio"]
[Result "1-0"]
[WhiteElo "2565"]
[BlackElo "2313"]
[EventDate "2000.06.05"]
[PlyCount "77"]

1.e4 c5 2.Nf3 Nc6 3.d4 cxd4 4.Nxd4 Nf6 5.Nc3 d6 6.Bc4 e6 7.Be3 a6 8.Bb3 
Qc7 9.Qe2 Na5 10.g4 b5 11.g5 Nd7 12.O-O-O Nc5 13.Rhe1 b4 14.Nd5 Naxb3+ 15.
axb3 exd5 16.exd5 Be7 17.Bf4 Ra7 18.Nc6 Ne6 19.Nxe7 Nxf4 20.Qe3 Qxe7 21.
Qxf4 Be6 22.dxe6 O-O 23.exf7+ Qxf7 24.Qxb4 Qxf2 25.Qxd6 a5 26.Qd4 Rc7 27.
Qxf2 Rxf2 28.Rd2 Rf5 29.h4 Rf4 30.h5 a4 31.bxa4 Rxa4 32.Rd8+ Kf7 33.Rf1+ 
Ke7 34.Rdf8 Rc5 35.R1f7+ Ke6 36.Rxg7 Ra1+ 37.Kd2 Rh1 38.Rf6+ Ke5 39.Re7+ 
1-0

[Event "Sao Paulo zt 2.4"]
[Site "Sao Paulo"]
[Date "2000.06.10"]
[Round "6"]
[White "Limp, Eduardo Thelio"]
[Black "Sunye Neto, Jaime"]
[Result "1/2-1/2"]
[WhiteElo "2420"]
[BlackElo "2555"]
[EventDate "2000.06.05"]
[PlyCount "62"]

1.d4 Nf6 2.Nf3 g6 3.c3 Bg7 4.Qc2 O-O 5.e4 d6 6.Be2 c5 7.dxc5 dxc5 8.O-O 
Qc7 9.Nbd2 Nc6 10.Re1 b6 11.a4 Bb7 12.Bf1 e5 13.Nc4 h6 14.Nfd2 Rad8 15.a5 
Rb8 16.axb6 axb6 17.Qb3 Bc8 18.Na3 Na5 19.Qc2 Be6 20.Ndc4 Nxc4 21.Bxc4 
Bxc4 22.Nxc4 b5 23.Ne3 c4 24.Rd1 Rfd8 25.f3 Bf8 26.Kf1 Qc6 27.Qe2 Kh7 28.
Nc2 Rxd1+ 29.Qxd1 Ra8 30.Rxa8 Qxa8 31.Be3 Qb7 1/2-1/2

[Event "Sao Paulo zt 2.4"]
[Site "Sao Paulo"]
[Date "2000.06.10"]
[Round "6"]
[White "Vescovi, Giovanni P"]
[Black "Pelikian, Jefferson"]
[Result "1-0"]
[WhiteElo "2511"]
[BlackElo "2393"]
[EventDate "2000.06.05"]
[PlyCount "105"]

1.e4 e6 2.d4 d5 3.Nc3 Nf6 4.Bg5 dxe4 5.Nxe4 Be7 6.Bxf6 gxf6 7.Nf3 b6 8.Bc4
Bb7 9.Qe2 Nd7 10.O-O c6 11.a4 a5 12.Rfe1 Qc7 13.c3 Rg8 14.Ng3 Nf8 15.Nh5 
O-O-O 16.Rab1 c5 17.Ba6 cxd4 18.Bxb7+ Qxb7 19.b4 d3 20.Qe3 e5 21.Red1 e4 
22.Nd4 Rg5 23.Ng3 Ne6 24.Ndf5 Bf8 25.bxa5 Bc5 26.Qe1 Nf4 27.Rb2 h5 28.axb6
Rdg8 29.Nh4 Re5 30.Rb5 Bxb6 31.Nhf5 Kb8 32.Rxb6 Qxb6 33.Rb1 Qxb1 34.Qxb1+ 
Ka7 35.Nd6 Rb8 36.Qc1 d2 37.Qxd2 Rb1+ 38.Nf1 Nh3+ 39.gxh3 Rg5+ 40.Qxg5 
fxg5 41.Nxf7 Rc1 42.Nxg5 Rxc3 43.Kg2 Rc4 44.Nd2 Rxa4 45.Ndxe4 Kb6 46.Kg3 
Kc6 47.Kh4 Kd5 48.Kxh5 Ke5 49.Kg4 Ra1 50.f4+ Kd5 51.h4 Rh1 52.h3 Rg1+ 53.
Kf5 1-0

[Event "Sao Paulo zt 2.4"]
[Site "Sao Paulo"]
[Date "2000.06.11"]
[Round "7"]
[White "Chemin, Vitorio"]
[Black "Ramos, Ernesto"]
[Result "1-0"]
[WhiteElo "2313"]
[BlackElo "2280"]
[EventDate "2000.06.05"]
[PlyCount "55"]

1.d4 Nf6 2.Nf3 d6 3.Bf4 g6 4.e3 Bg7 5.Be2 O-O 6.O-O c5 7.c3 b6 8.Nbd2 Bb7 
9.a4 Nbd7 10.h3 Re8 11.a5 e5 12.Bh2 e4 13.Ne1 d5 14.Nc2 c4 15.f3 bxa5 16.
fxe4 Nxe4 17.Nxe4 Rxe4 18.Bf3 Re6 19.Ra2 Bh6 20.Qa1 Ra6 21.Nb4 Bxe3+ 22.
Kh1 axb4 23.Rxa6 Bxa6 24.Bxd5 Bb5 25.Qe1 Bg5 26.Rxf7 Nf6 27.Rd7+ Nxd5 28.
Qe6+ 1-0

[Event "Sao Paulo zt 2.4"]
[Site "Sao Paulo"]
[Date "2000.06.11"]
[Round "7"]
[White "Pelikian, Jefferson"]
[Black "Gauche, Charles"]
[Result "1-0"]
[WhiteElo "2393"]
[BlackElo "2310"]
[EventDate "2000.06.05"]
[PlyCount "61"]

1.e4 Nc6 2.Nf3 e5 3.Bc4 g6 4.c3 Bg7 5.d4 exd4 6.cxd4 d6 7.O-O h6 8.Qb3 Qd7
9.Qe3 Nge7 10.Nc3 O-O 11.a3 a6 12.b4 b5 13.Bb3 a5 14.d5 axb4 15.dxc6 Nxc6 
16.Nd5 Bxa1 17.e5 Qf5 18.Nf6+ Qxf6 19.exf6 Bxf6 20.Qxh6 Bg7 21.Qxg6 Ne7 
22.Qe4 Bf5 23.Qxe7 bxa3 24.Qg5 Be6 25.Qg3 Kh8 26.Ng5 Rfe8 27.Nxe6 fxe6 28.
Qh3+ Kg8 29.Bxe6+ Rxe6 30.Qxe6+ Kh8 31.Qh3+ 1-0

[Event "Sao Paulo zt 2.4"]
[Site "Sao Paulo"]
[Date "2000.06.11"]
[Round "7"]
[White "Sunye Neto, Jaime"]
[Black "Vescovi, Giovanni P"]
[Result "1/2-1/2"]
[WhiteElo "2555"]
[BlackElo "2511"]
[EventDate "2000.06.05"]
[PlyCount "36"]

1.c4 e5 2.Nc3 Nf6 3.Nf3 Nc6 4.g3 Bb4 5.Bg2 O-O 6.O-O e4 7.Ne1 Bxc3 8.dxc3 
h6 9.Nc2 b6 10.Ne3 Bb7 11.Qc2 Ne7 12.b3 Re8 13.Rd1 d6 14.Bb2 Qc8 15.Rac1 
Qe6 16.Qd2 Rad8 17.Rc2 Qe5 18.Qe1 Qh5 1/2-1/2

[Event "Sao Paulo zt 2.4"]
[Site "Sao Paulo"]
[Date "2000.06.12"]
[Round "8"]
[White "Limp, Eduardo Thelio"]
[Black "Chemin, Vitorio"]
[Result "1-0"]
[WhiteElo "2420"]
[BlackElo "2313"]
[EventDate "2000.06.05"]
[PlyCount "131"]

1.d4 c5 2.e3 Nf6 3.Nf3 e6 4.c3 d5 5.Nbd2 Nc6 6.Bd3 Bd6 7.O-O O-O 8.Qe2 e5 
9.dxc5 e4 10.cxd6 Bg4 11.Bc2 Ne5 12.Rd1 exf3 13.gxf3 Bh5 14.Qf1 Nxf3+ 15.
Nxf3 Bxf3 16.Rd4 Ne4 17.Qh3 Qg5+ 18.Kf1 Qf6 19.Bxe4 Bxe4 20.c4 Qxd6 21.f3 
Qf6 22.Ke2 Bf5 23.Qh4 Qxh4 24.Rxh4 dxc4 25.Rxc4 Rac8 26.Rxc8 Rxc8 27.e4 
Bh3 28.Bd2 Rc2 29.b3 h5 30.Kd3 Rc7 31.Bc3 f6 32.Rg1 Kf7 33.f4 Bd7 34.Bd4 
a6 35.Re1 h4 36.f5 Bb5+ 37.Kd2 Rd7 38.Ke3 Bc6 39.Rg1 Re7 40.Rg4 h3 41.Kd3 
Bb5+ 42.Ke3 Bf1 43.Kf4 Rd7 44.Ke3 Re7 45.a4 b5 46.a5 b4 47.Kf4 Rd7 48.Ke3 
Re7 49.Rh4 Re8 50.Rf4 Bg2 51.Rg4 Re7 52.Bc5 Rc7 53.Kd4 Rd7+ 54.Ke3 Rd1 55.
Bxb4 Rb1 56.Bd6 Rxb3+ 57.Kd4 Rb5 58.Bc7 Rb4+ 59.Ke3 Rc4 60.Bd6 Ra4 61.Bc7 
Bf1 62.Rf4 Bb5 63.e5 Ra3+ 64.Kd4 fxe5+ 65.Bxe5 Rxa5 66.Rf3 1-0

[Event "Sao Paulo zt 2.4"]
[Site "Sao Paulo"]
[Date "2000.06.12"]
[Round "8"]
[White "Milos, Gilberto"]
[Black "Pelikian, Jefferson"]
[Result "1-0"]
[WhiteElo "2620"]
[BlackElo "2393"]
[EventDate "2000.06.05"]
[PlyCount "85"]

1.d4 f5 2.g3 Nf6 3.Bg2 e6 4.Nf3 Be7 5.O-O O-O 6.c4 d6 7.b4 Ne4 8.Bb2 Bf6 
9.Nc3 Nxc3 10.Bxc3 Nd7 11.Qc2 Nb6 12.Nd2 d5 13.c5 Nd7 14.b5 c6 15.Rab1 
cxb5 16.Rxb5 b6 17.c6 Nb8 18.Bb2 Rf7 19.g4 g6 20.gxf5 gxf5 21.Rb3 Na6 22.
Nf3 Nc7 23.Bc1 Ba6 24.Bf4 Rc8 25.Ne5 Rg7 26.Ra3 Be7 27.Re3 Bd6 28.Bh6 Bxe5
29.Rxe5 Rxg2+ 30.Kxg2 Qh4 31.Qd2 Kf7 32.Kh1 Rg8 33.Rg1 Rg6 34.Rxg6 Kxg6 
35.Re3 Bxe2 36.Rg3+ Kf7 37.Rg7+ Ke8 38.Rg8+ Kf7 39.Rf8+ Kg6 40.Rg8+ Kf7 
41.Rg7+ Ke8 42.Qxe2 Qxh6 43.Qe5 1-0

[Event "Sao Paulo zt 2.4"]
[Site "Sao Paulo"]
[Date "2000.06.12"]
[Round "8"]
[White "Ramos, Ernesto"]
[Black "Lima, Darcy"]
[Result "0-1"]
[WhiteElo "2280"]
[BlackElo "2514"]
[EventDate "2000.06.05"]
[PlyCount "80"]

1.e4 e5 2.Nf3 d6 3.d4 Nd7 4.dxe5 dxe5 5.Bc4 c6 6.O-O Be7 7.a4 Ngf6 8.Nc3 
O-O 9.Qe2 Qc7 10.b3 Nc5 11.Bb2 Ne6 12.Nd1 Nf4 13.Qe1 Bd6 14.Nd2 Bb4 15.c3 
Be7 16.g3 Nh3+ 17.Kh1 g6 18.Ne3 h5 19.Be2 Be6 20.Bf3 Rad8 21.Bg2 h4 22.Qe2
Kg7 23.c4 hxg3 24.fxg3 Rh8 25.Nf3 Nxe4 26.Qe1 f6 27.Nxe5 Nef2+ 28.Rxf2 
Nxf2+ 29.Qxf2 fxe5 30.Qe2 Bf6 31.Be4 Qa5 32.Rf1 Qd2 33.Rf2 Qxe2 34.Rxe2 
Bh3 35.Kg1 Rhf8 36.Bg2 Bxg2 37.Nxg2 Rd1+ 38.Ne1 Rb1 39.Kg2 e4 40.Ba3 Re8 
0-1

[Event "Sao Paulo zt 2.4"]
[Site "Sao Paulo"]
[Date "2000.06.12"]
[Round "8"]
[White "Vescovi, Giovanni P"]
[Black "Oblitas Guerrero, Carlomagno"]
[Result "1/2-1/2"]
[WhiteElo "2511"]
[BlackElo "2389"]
[EventDate "2000.06.05"]
[PlyCount "47"]

1.e4 e5 2.Nf3 Nc6 3.d4 exd4 4.Nxd4 Bc5 5.Be3 Qf6 6.c3 Nge7 7.Bc4 Ne5 8.Be2
Qg6 9.O-O d6 10.f4 Ng4 11.Bxg4 Qxg4 12.Qd3 Bd7 13.f5 Nc6 14.Nf3 Bxe3+ 15.
Qxe3 O-O-O 16.h3 Qg3 17.Nbd2 Kb8 18.Rf2 Ne5 19.Re1 Rde8 20.Nxe5 Qxe5 21.
Nf3 Qg3 22.Qd4 f6 23.Re3 Re7 24.Rfe2 1/2-1/2

[Event "Sao Paulo zt 2.4"]
[Site "Sao Paulo"]
[Date "2000.06.13"]
[Round "9"]
[White "Chemin, Vitorio"]
[Black "Vescovi, Giovanni P"]
[Result "0-1"]
[WhiteElo "2313"]
[BlackElo "2511"]
[EventDate "2000.06.05"]
[PlyCount "106"]

1.Nf3 Nf6 2.d4 d5 3.e3 g6 4.c4 Bg7 5.Nc3 O-O 6.Be2 b6 7.O-O e6 8.b3 Bb7 9.
cxd5 exd5 10.Ba3 Re8 11.Rc1 a6 12.Ne5 Nfd7 13.Nd3 Nf8 14.Nf4 Ne6 15.Nxe6 
Rxe6 16.Bf3 c6 17.e4 dxe4 18.Nxe4 a5 19.d5 cxd5 20.Nc3 Re5 21.Nb5 Ba6 22.
Nc7 Bxf1 23.Nxa8 Ba6 24.Bb2 Bb7 25.Bxe5 Bxe5 26.Qe2 Nd7 27.Qb5 Bxa8 28.Qa6
Nc5 29.Qe2 Bf6 30.Re1 Bc6 31.Rd1 Qd7 32.h4 d4 33.Bxc6 Qxc6 34.h5 Kg7 35.
Qd2 gxh5 36.Qf4 Qe4 37.Qd6 Qe6 38.Qxe6 fxe6 39.Rb1 d3 40.g3 d2 41.Rd1 Bc3 
42.Kf1 Nd3 43.Ke2 Nc1+ 44.Ke3 Nxa2 45.Kd3 Bb4 46.Kc2 Nc1 47.Rh1 Kg6 48.f3 
Ne2 49.g4 hxg4 50.fxg4 Nf4 51.g5 e5 52.Rh6+ Kxg5 53.Rxh7 e4 0-1